000 00380nam a2200157Ia 4500
003 Ost
005 20260225132600.0
008 260225s9999||||xx |||||||||||||| ||und||
040 _cfsic
041 _afre
082 _a70.4
100 _aBELKACEM MOSTEFAOUI
_eAuteur
245 0 _aMEDIAS ET LIBERTE D'EXPRESSION EN ALGERIE /
245 0 _cBELKACEM MOSTEFAOUI
942 _cكتاب
999 _c34684
_d34684